| 000 | 00935nam a2200253Ia 4500 | ||
|---|---|---|---|
| 003 | OSt | ||
| 005 | 20220923221043.0 | ||
| 006 | a|||||r|||| 00| 0 | ||
| 007 | ta | ||
| 008 | 220922b |||||||| |||| 00| 0 hin d | ||
| 024 | _a194,436 | ||
| 037 | _cTextual | ||
| 040 |
_aARTS _cARTS _bhin |
||
| 041 |
_2hin _ahin |
||
| 082 | _aO152,3:gN7, M0 | ||
| 100 | _aरावत, चन्द्रभान; खण्डेलवाल, रामकुमार | ||
| 245 | 0 |
_aहिन्दी कहानी _b फिलहाल |
|
| 246 | _aHindī kahānī: filahāla | ||
| 260 |
_aदिल्ली _b राजपाल एण्ड संस _c1980 |
||
| 300 |
_a138पृ. _ccm. |
||
| 650 |
_aहिन्दी साहित्य _9156264 |
||
| 942 |
_hO152,3:gN7, M0 _cTEXL _2CC |
||
| 999 |
_c346700 _d346700 |
||